Filosofía de la historia

Spremljeno u:
Bibliografski detalji
Glavni autor: Sawicki, Francisco (Autor)
Format: Knjiga
Jezik:španjolski
Izdano: Buenos Aires Capitel 1948
Teme:
Oznake: Dodaj oznaku
Bez oznaka, Budi prvi tko označuje ovaj zapis!

MARC

LEADER 00000nam a2200000 a 4500
001 UCZ6070
003 CL-VaPUC
008 951201e19480000AG |||||||||||||||||spa|d
082 0 4 |a 930.01  |b SAW  |2 21 
100 0 |a Sawicki, Francisco  |e author  |9 350277 
245 1 0 |a Filosofía de la historia 
300 |a 312 p 
942 |c BK 
945 |d 19951201 00:00:00  |a lriquelm 
260 |a Buenos Aires  |b Capitel  |c 1948 
650 0 |a Filosofía   |9 223554 
650 0 |a Historia y estudios conexos  |9 338055 
583 |a last modification  |c 19951201 00:00:00  |k Rodrigo Vera 
999 |c 242329  |d 242327 
952 |0 0  |1 0  |4 0  |6 930_010000000000000_SAW_1948  |7 0  |8 P  |9 255189  |a BIBEDU  |b BIBEDU  |c BIBEDU_PB  |d 2019-11-19  |i 1578987  |o 930.01 SAW 1948  |p 1578987  |r 2024-01-25  |w 2019-11-19  |y BK  |k FIL